| 000 | 00598nam a2200217 a 4500 | ||
|---|---|---|---|
| 003 | PILC | ||
| 005 | 20160226122120.0 | ||
| 008 | 091207s19uu xx 00 eng d | ||
| 020 | _a9780750683753 | ||
| 050 |
_aG 155.A1 _b.W367 2009 |
||
| 100 | _aWeed, Mike. | ||
| 245 |
_aSports tourism : _bparticipants, policy and providers / _cMike Weed. |
||
| 250 | _a2nd edition. | ||
| 260 |
_aAmsterdam : _bElsevier, _c2009. |
||
| 300 |
_a351 pages : _billustrations ; _c24 cm. |
||
| 650 | _aTourism. | ||
| 650 | _aSports Tourism. | ||
| 700 | _aBull, Chris. | ||
| 942 |
_cBK _2lcc _kFOR |
||
| 999 |
_c23770 _d23770 |
||